Countries Most Similar To Gambia - Statistics

General Stats
  • This quiz has been taken 25 times
  • The average score is 16 of 20
Answer Stats
Rank Country Score % Correct
7 Mali 73
100%
16 Niger 68.6
100%
4 Nigeria 75.3
100%
12 Benin 69.6
93%
5 Ghana 73.8
93%
3 Guinea 76
93%
6 Guinea Bissau 73.8
93%
1 Senegal 78
93%
17 Togo 68.5
93%
10 Ivory Coast 70.7
87%
11 Liberia 70.4
87%
2 Sierra Leone 77.6
87%
18 Cameroon 68.3
73%
9 Tanzania 71.4
73%
8 Burkina Faso 72
67%
13 Kenya 69.2
67%
19 South Sudan 66.7
67%
14 Uganda 69
67%
15 Malawi 69
53%
20 Rwanda 66.3
53%
No matching quizzes found
Score Distribution
Percent of People with Each Score
Percentile by Number Answered
Your Score History
You have not taken this quiz